Loading...
| Religion | 4 | 6 | 0 | 1 | 120 | 36 | 95.40 | 4 | 6 | 33.00 | 68.00 |
| Literature - British | 3 | 6 | 0 | 2 | 105 | 45 | 105.11 | 2 | 3 | 20.70 | 44.17 |
| Literature - European | 4 | 4 | 1 | 0 | 95 | 12 | 84.75 | 3 | 7 | 28.15 | 62.30 |
| Literature - World | 3 | 4 | 0 | 1 | 85 | 35 | 104.86 | 0 | 4 | 17.84 | 39.66 |
| Social Science | 1 | 6 | 1 | 0 | 70 | 66 | 94.71 | 0 | 4 | 17.31 | 44.36 |
| Fine Arts - Painting and Sculpture | 2 | 4 | 1 | 0 | 65 | 43 | 98.83 | 2 | 4 | 16.01 | 36.20 |
| Philosophy | 1 | 6 | 2 | 1 | 65 | 92 | 109.86 | 1 | 5 | 18.82 | 49.29 |
| History - European | 3 | 1 | 2 | 0 | 45 | 44 | 74.75 | 2 | 3 | 17.92 | 35.74 |
| History - Other | 2 | 2 | 2 | 0 | 40 | 42 | 76.25 | 1 | 3 | 14.61 | 25.09 |
| Literature - American | 1 | 3 | 1 | 0 | 40 | 68 | 100.50 | 0 | 2 | 10.35 | 20.18 |
| Other Academic | 0 | 3 | 0 | 2 | 30 | 92 | 105.33 | 0 | 1 | 10.92 | 30.92 |
| Mythology | 1 | 1 | 0 | 0 | 25 | 30 | 79.50 | 1 | 1 | 15.80 | 29.17 |
| Other Science (Computer Science) | 0 | 2 | 0 | 0 | 20 | 79 | 91.00 | 0 | 1 | 14.26 | 39.58 |
| History - World | 1 | 0 | 0 | 0 | 15 | 53 | 53.00 | 0 | 1 | 4.82 | 7.18 |
| Fine Arts - Other Arts | 0 | 2 | 1 | 0 | 15 | 94 | 120.00 | 0 | 1 | 3.12 | 7.88 |
| Modern World | 0 | 1 | 0 | 0 | 10 | 100 | 100.00 | 0 | 1 | 5.41 | 13.89 |
| Other Culture | 0 | 1 | 0 | 1 | 10 | 73 | 73.00 | 1 | 1 | 12.33 | 25.00 |
| History - American | 0 | 1 | 0 | 1 | 10 | 130 | 130.00 | 0 | 0 | 1.36 | 2.56 |
| Other Science (Math) | 0 | 1 | 1 | 0 | 5 | 142 | 142.00 | 0 | 0 | -0.14 | 5.71 |
| Geography | 0 | 0 | 1 | 0 | -5 | 0.00 | 0 | 0 | 0.00 | 0.00 |